[Event "Titled Tuesday intern op 04th Jul Early"]
[Site "Chess.com INT"]
[Date "2023.07.04"]
[Round "1"]
[White "Tikhonov, Viacheslav"]
[Black "Allam, Yara"]
[Result "1-0"]
[WhiteElo "2201"]
[BlackElo "1858"]
[PlyCount "89"]
[EventDate "2023.07.04"]
[EventType "swiss (blitz)"]
[EventRounds "11"]
[EventCountry "USA"]
[SourceTitle "EXT 2024"]
[Source "ChessBase"]
[SourceDate "2023.10.10"]
[SourceVersion "1"]
[SourceVersionDate "2023.10.10"]
[SourceQuality "1"]

1. d4 d5 2. c4 c6 3. Nf3 Nf6 4. g3 e6 5. Bg2 dxc4 6. 0-0 Be7 7. Ne5 0-0 8. Nxc4 Nbd7 9. Nc3 Nb6 10. Ne5 Qc7 11. Qc2 Rd8 12. Rd1 Bd7 13. Bf4 Bd6 14. Rac1 Be8 15. Nb5 cxb5 16. Qxc7 Bxc7 17. Rxc7 Nfd5 18. Rc5 f6 19. Nd3 Rac8 20. Rdc1 Rxc5 21. Nxc5 Rc8 22. Nxe6 Nxf4 23. Rxc8 Nxe2+ 24. Kf1 Nxc8 25. Kxe2 Bf7 26. Nc7 Nd6 27. b3 a5 28. Kd3 a4 29. bxa4 bxa4 30. a3 Bb3 31. Bd5+ Bxd5 32. Nxd5 Nb5 33. Nc3 Nxa3 34. Nxa4 Nb5 35. Kc4 Nd6+ 36. Kd5 Nb5 37. Kc5 Nc7 38. Kb6 Ne6 39. d5 Nd8 40. Nc5 Kf8 41. Nxb7 Ke7 42. Nxd8 Kxd8 43. Kc6 f5 44. Kd6 g6 45. Ke6 1-0

[Event "Titled Tuesday intern op 04th Jul Early"]
[Site "Chess.com INT"]
[Date "2023.07.04"]
[Round "4"]
[White "Vaglio Mattey, Emanuel"]
[Black "Allam, Yara"]
[Result "1-0"]
[WhiteElo "2174"]
[BlackElo "1858"]
[PlyCount "69"]
[EventDate "2023.07.04"]
[EventType "swiss (blitz)"]
[EventRounds "11"]
[EventCountry "USA"]
[SourceTitle "EXT 2024"]
[Source "ChessBase"]
[SourceDate "2023.10.10"]
[SourceVersion "1"]
[SourceVersionDate "2023.10.10"]
[SourceQuality "1"]

1. Nf3 d5 2. c4 c6 3. b3 Nf6 4. Bb2 e6 5. g3 Be7 6. Bg2 0-0 7. 0-0 Nbd7 8. d3 Re8 9. Re1 Qc7 10. e4 dxe4 11. dxe4 Nc5 12. e5 Rd8 13. Nd4 Ne8 14. Qe2 Bd7 15. Qc2 a5 16. Nc3 Rdb8 17. Rad1 Ra6 18. a3 Raa8 19. h4 Qc8 20. h5 h6 21. f4 Nc7 22. Kh2 Qe8 23. b4 N5a6 24. bxa5 Nc5 25. Ne4 Nxe4 26. Qxe4 Rxa5 27. Bf1 f5 28. Qf3 Qf7 29. Nxf5 Qxf5 30. Rxd7 Bd8 31. Red1 Raa8 32. g4 Qc2+ 33. R1d2 Qb1 34. f5 Na6 35. fxe6 1-0

[Event "Titled Tuesday intern op 25th Apr Late"]
[Site "Chess.com INT"]
[Date "2023.04.25"]
[Round "6"]
[White "Allam, Yara"]
[Black "Figorito, Nick"]
[Result "0-1"]
[WhiteElo "1881"]
[BlackElo "2036"]
[PlyCount "122"]
[EventDate "2023.04.25"]
[EventType "swiss (blitz)"]
[EventRounds "11"]
[EventCountry "USA"]
[SourceTitle "EXT 2024"]
[Source "ChessBase"]
[SourceDate "2023.10.10"]
[SourceVersion "1"]
[SourceVersionDate "2023.10.10"]
[SourceQuality "1"]

1. e4 e6 2. d4 d5 3. Nc3 Bb4 4. e5 c5 5. a3 Bxc3+ 6. bxc3 Ne7 7. h4 Qa5 8. Bd2 Qa4 9. Qg4 Kf8 10. h5 h6 11. Bd3 Nbc6 12. Nf3 c4 13. Be2 Qxc2 14. 0-0 Qf5 15. Qh4 Bd7 16. Rab1 Na5 17. Rb2 Nb3 18. Be3 a5 19. Bd1 Qe4 20. Qxe4 dxe4 21. Nd2 Nxd2 22. Bxd2 Bc6 23. a4 f5 24. Be2 Bd5 25. Rfb1 Kf7 26. Rb5 Rhc8 27. Bc1 Bc6 28. Rb6 Nd5 29. Rxb7+ Bxb7 30. Rxb7+ Kg8 31. Bd2 Rab8 32. Rxb8 Rxb8 33. Bxc4 Rc8 34. Bxd5 exd5 35. Kf1 Rc4 36. Ke2 Rxa4 37. Kd1 Ra2 38. Kc1 Kf7 39. Be3 Ke6 40. g3 Kd7 41. Kb1 Re2 42. Kc1 Re1+ 43. Kb2 Rh1 44. Kb3 Rxh5 45. Ka4 Rh1 46. Kxa5 Rb1 47. Bf4 g5 48. Be3 Ke6 49. Bd2 Rb2 50. Be3 h5 51. Bxg5 Rxf2 52. Bf4 Rb2 53. Bg5 Rb3 54. Bd2 e3 55. Bxe3 Rxc3 56. Bf4 Rd3 57. Kb4 Rxd4+ 58. Kc5 Rxf4 59. gxf4 h4 60. Kd4 h3 61. Ke3 h2 0-1

[Event "Titled Tuesday intern op 25th Apr Late"]
[Site "Chess.com INT"]
[Date "2023.04.25"]
[Round "3"]
[White "Allam, Yara"]
[Black "Skaric, Djuro"]
[Result "1/2-1/2"]
[WhiteElo "1881"]
[BlackElo "2334"]
[PlyCount "135"]
[EventDate "2023.04.25"]
[EventType "swiss (blitz)"]
[EventRounds "11"]
[EventCountry "USA"]
[SourceTitle "EXT 2024"]
[Source "ChessBase"]
[SourceDate "2023.10.10"]
[SourceVersion "1"]
[SourceVersionDate "2023.10.10"]
[SourceQuality "1"]

1. e4 d6 2. d4 g6 3. c3 Bg7 4. Nf3 Nf6 5. Bd3 0-0 6. 0-0 Nc6 7. h3 e5 8. Be3 h6 9. Nbd2 Nd7 10. a3 f5 11. Qb3+ Kh7 12. exf5 gxf5 13. Nh2 e4 14. Bc2 Nb6 15. d5 Ne7 16. Bxb6 axb6 17. f3 e3 18. Nc4 Nxd5 19. Rae1 Re8 20. Ng4 Qg5 21. Nxd6 cxd6 22. Qxd5 Kh8 23. f4 Qg6 24. Nxe3 Rf8 25. Kh2 h5 26. Nc4 Rf6 27. Nxb6 Rb8 28. Nxc8 Rxc8 29. Qxb7 Rg8 30. Re7 Bh6 31. Rf2 h4 32. Qd5 Rgf8 33. Qf3 Rg8 34. a4 Qg3+ 35. Kh1 Qxf3 36. Rxf3 Rb8 37. b4 Bg7 38. a5 d5 39. Bd3 Rc6 40. a6 Rxc3 41. a7 Rf8 42. Rb7 Rc1+ 43. Kh2 Bd4 44. g3 Ra1 45. Rb8 Kg7 46. Rxf8 Kxf8 47. Bxf5 Rxa7 48. g4 Ra2+ 49. Kh1 Rb2 50. g5 Bg7 51. Be6 d4 52. f5 Rxb4 53. f6 Rb5 54. fxg7+ Kxg7 55. Rf7+ Kg6 56. Rd7 Rb4 57. Bg4 Kxg5 58. Rg7+ Kf4 59. Kg2 Rb2+ 60. Kf1 d3 61. Rd7 Ke3 62. Ke1 Rg2 63. Kf1 Rc2 64. Re7+ Kf4 65. Rf7+ Ke3 66. Re7+ Kd4 67. Rd7+ Ke3 68. Re7+ 1/2-1/2

[Event "Titled Tuesday intern op 25th Apr Late"]
[Site "Chess.com INT"]
[Date "2023.04.25"]
[Round "2"]
[White "Dyachuk, Artem"]
[Black "Allam, Yara"]
[Result "1-0"]
[WhiteElo "2298"]
[BlackElo "1881"]
[PlyCount "53"]
[EventDate "2023.04.25"]
[EventType "swiss (blitz)"]
[EventRounds "11"]
[EventCountry "USA"]
[SourceTitle "EXT 2024"]
[Source "ChessBase"]
[SourceDate "2023.10.10"]
[SourceVersion "1"]
[SourceVersionDate "2023.10.10"]
[SourceQuality "1"]

1. Nf3 d5 2. e3 Nf6 3. c4 c6 4. b3 Bf5 5. Bb2 e6 6. Nc3 Bd6 7. Be2 h6 8. 0-0 0-0 9. Re1 Nbd7 10. d3 Rc8 11. e4 dxe4 12. dxe4 Nxe4 13. Nxe4 Bxh2+ 14. Nxh2 Bxe4 15. Qd4 Nf6 16. Qxd8 Rfxd8 17. Bxf6 gxf6 18. Ng4 Kg7 19. Rad1 Bc2 20. Rxd8 Rxd8 21. Ne3 Be4 22. Rd1 Rxd1+ 23. Nxd1 Bb1 24. Nc3 Bc2 25. Kf1 Kg6 26. Ke1 Kf5 27. Kd2 1-0

[Event "Titled Tuesday intern op 18th Apr Late"]
[Site "Chess.com INT"]
[Date "2023.04.18"]
[Round "1"]
[White "Allam, Yara"]
[Black "Tomaszewski, Kacper"]
[Result "0-1"]
[WhiteElo "1881"]
[BlackElo "2315"]
[PlyCount "112"]
[EventDate "2023.04.18"]
[EventType "swiss (blitz)"]
[EventRounds "11"]
[EventCountry "USA"]
[SourceTitle "EXT 2024"]
[Source "ChessBase"]
[SourceDate "2023.10.10"]
[SourceVersion "1"]
[SourceVersionDate "2023.10.10"]
[SourceQuality "1"]

1. e4 d6 2. d4 Nf6 3. Bd3 Nbd7 4. c3 e5 5. Ne2 Be7 6. 0-0 0-0 7. f4 exd4 8. cxd4 c5 9. Be3 Ng4 10. Bd2 cxd4 11. Nxd4 Qb6 12. Bc3 Ne3 13. Qe2 Nxf1 14. Qxf1 Bf6 15. Qf2 Nc5 16. Bc2 Ne6 17. Nf5 Qxf2+ 18. Kxf2 Bxc3 19. Nxc3 Nxf4 20. Nxd6 Be6 21. g3 Nh3+ 22. Ke3 b6 23. Ndb5 h6 24. Rd1 Ng5 25. h4 Nh7 26. Nc7 Rac8 27. Nxe6 fxe6 28. Bb3 Rfe8 29. Rd7 Nf6 30. Rxa7 Ng4+ 31. Ke2 Kh7 32. Rb7 Rb8 33. Rxb8 Rxb8 34. Bxe6 Ne5 35. Nd5 Kg6 36. Bf5+ Kf7 37. a4 g6 38. Bh3 Nc4 39. b3 Nd6 40. Nc3 Kf6 41. Kd3 Ke5 42. Bg2 Rf8 43. Ke3 g5 44. hxg5 hxg5 45. Bf3 Rh8 46. Nd5 Rh3 47. Nxb6 Rxg3 48. Nd7+ Ke6 49. Nc5+ Ke5 50. Kf2 Rh3 51. Bg2 Rc3 52. b4 g4 53. a5 g3+ 54. Kf1 Nc4 55. Bh3 Ne3+ 56. Kg1 Rc1+ 0-1

[Event "Titled Tuesday intern op 18th Apr Late"]
[Site "Chess.com INT"]
[Date "2023.04.18"]
[Round "8"]
[White "Allam, Yara"]
[Black "Vaglio Munoz, Jaime"]
[Result "1/2-1/2"]
[WhiteElo "1881"]
[BlackElo "2174"]
[PlyCount "80"]
[EventDate "2023.04.18"]
[EventType "swiss (blitz)"]
[EventRounds "11"]
[EventCountry "USA"]
[SourceTitle "EXT 2024"]
[Source "ChessBase"]
[SourceDate "2023.10.10"]
[SourceVersion "1"]
[SourceVersionDate "2023.10.10"]
[SourceQuality "1"]

1. e4 e6 2. d4 d5 3. Nc3 dxe4 4. Nxe4 Nf6 5. Nxf6+ Qxf6 6. c3 h6 7. Nf3 Nc6 8. Bd3 Bd6 9. 0-0 0-0 10. Bc2 e5 11. Qd3 g6 12. Bxh6 Re8 13. Bg5 Qh8 14. Rfe1 Bf5 15. Qd2 e4 16. Nh4 Qh5 17. g3 Kg7 18. Nxf5+ gxf5 19. h4 f6 20. Bf4 Qg4 21. Bxd6 cxd6 22. Bd1 Qg6 23. Qf4 d5 24. h5 Qg5 25. Qxg5+ fxg5 26. Kg2 f4 27. g4 b5 28. a4 a6 29. Bb3 Ne7 30. axb5 axb5 31. Rh1 Kh6 32. Rhe1 Kg7 33. Rh1 Kh7 34. Rhe1 Red8 35. Rh1 Kh6 36. Rhe1 Kg7 37. Rh1 Kf6 38. Rhe1 Kg7 39. Rh1 Kh6 40. Rhe1 Kg7 1/2-1/2

[Event "Titled Tuesday intern op 11th Apr Late"]
[Site "Chess.com INT"]
[Date "2023.04.11"]
[Round "9"]
[White "Allam, Yara"]
[Black "Lenoir Ibacache, Gabriel Alberto"]
[Result "0-1"]
[WhiteElo "1881"]
[BlackElo "2225"]
[PlyCount "74"]
[EventDate "2023.04.11"]
[EventType "swiss (blitz)"]
[EventRounds "11"]
[EventCountry "USA"]
[SourceTitle "CBM 213 Extra"]
[Source "ChessBase"]
[SourceDate "2023.05.31"]
[SourceVersion "1"]
[SourceVersionDate "2023.05.31"]
[SourceQuality "1"]

1. e4 c5 2. Nf3 d6 3. d4 cxd4 4. Nxd4 Nf6 5. Nc3 a6 6. f3 e5 7. Nb3 Be7 8. Be3 Be6 9. Qd2 0-0 10. g4 d5 11. g5 d4 12. gxf6 Bxf6 13. Bf2 Bg5 14. Qd3 dxc3 15. Qxc3 Nc6 16. Nc5 Rc8 17. Nxe6 fxe6 18. Bh3 Nd4 19. Qd3 Rxf3 20. Bxe6+ Kh8 21. Bxc8 Rxd3 22. cxd3 Nc2+ 23. Ke2 Nxa1 24. Bxb7 Nc2 25. h4 Bf4 26. Bxa6 Nd4+ 27. Kf1 Qb6 28. Bxd4 Qxa6 29. Bf2 Qxd3+ 30. Kg2 Qxe4+ 31. Kg1 Qb1+ 32. Kg2 Qxb2 33. Rh3 Qxa2 34. Rd3 h5 35. Rd8+ Kh7 36. Rd6 Qe2 37. Rb6 Be3 0-1

[Event "Titled Tuesday intern op 11th Apr Late"]
[Site "Chess.com INT"]
[Date "2023.04.11"]
[Round "7"]
[White "Allam, Yara"]
[Black "Zaksaite, Salomeja"]
[Result "1-0"]
[WhiteElo "1881"]
[BlackElo "2267"]
[PlyCount "69"]
[EventDate "2023.04.11"]
[EventType "swiss (blitz)"]
[EventRounds "11"]
[EventCountry "USA"]
[SourceTitle "CBM 213 Extra"]
[Source "ChessBase"]
[SourceDate "2023.05.31"]
[SourceVersion "1"]
[SourceVersionDate "2023.05.31"]
[SourceQuality "1"]

1. e4 c5 2. Nf3 Nc6 3. d4 cxd4 4. Nxd4 Nf6 5. Nc3 e5 6. Ndb5 d6 7. Bg5 a6 8. Na3 b5 9. Nd5 Be7 10. Bxf6 Bxf6 11. c4 b4 12. Nc2 a5 13. Be2 Bg5 14. 0-0 0-0 15. b3 Be6 16. Kh1 Nb8 17. Nce3 Na6 18. Qc2 Nc5 19. Rad1 g6 20. h3 Qb8 21. Ng4 f5 22. exf5 gxf5 23. Nge3 f4 24. Ng4 Bf5 25. Qb2 a4 26. g3 axb3 27. axb3 Ra3 28. gxf4 Rxb3 29. Qc1 Rxh3+ 30. Kg2 Nb3 31. Qb2 Nd4 32. Kxh3 Nxe2 33. Qxe2 Bxf4 34. Nxf4 exf4 35. Rg1 1-0

[Event "Titled Tuesday intern op 11th Apr Late"]
[Site "Chess.com INT"]
[Date "2023.04.11"]
[Round "8"]
[White "Rian, Kapriaga"]
[Black "Allam, Yara"]
[Result "1-0"]
[WhiteElo "2089"]
[BlackElo "1881"]
[PlyCount "71"]
[EventDate "2023.04.11"]
[EventType "swiss (blitz)"]
[EventRounds "11"]
[EventCountry "USA"]
[SourceTitle "CBM 213 Extra"]
[Source "ChessBase"]
[SourceDate "2023.05.31"]
[SourceVersion "1"]
[SourceVersionDate "2023.05.31"]
[SourceQuality "1"]

1. d4 d5 2. Bf4 Nf6 3. e3 c6 4. Nf3 e6 5. Be2 Bd6 6. Ne5 Bxe5 7. Bxe5 0-0 8. 0-0 Nbd7 9. Bg3 Re8 10. f4 c5 11. c3 b6 12. Nd2 Bb7 13. Bd3 Ne4 14. Qe1 f5 15. Bh4 Ndf6 16. Nf3 Qc7 17. Ne5 Nd7 18. Nf3 Nf8 19. Kh1 Ng6 20. Rg1 Nxh4 21. Qxh4 Qe7 22. Qe1 Kh8 23. Bxe4 dxe4 24. Ne5 cxd4 25. cxd4 Rac8 26. Rc1 Rc7 27. g4 g6 28. gxf5 exf5 29. Rxg6 Rxc1 30. Qxc1 Rc8 31. Qe1 Qe8 32. Qh4 Rc1+ 33. Kg2 Rc2+ 34. Kh3 Qf8 35. Qd8 Rc8 36. Nf7# 1-0

[Event "Titled Tuesday intern op 14th Mar Early"]
[Site "Chess.com INT"]
[Date "2023.03.14"]
[Round "1"]
[White "Allam, Yara"]
[Black "Domingo Nunez, Alejandro"]
[Result "0-1"]
[WhiteElo "1881"]
[BlackElo "2340"]
[PlyCount "54"]
[EventDate "2023.03.14"]
[EventType "swiss (blitz)"]
[EventRounds "11"]
[EventCountry "USA"]
[SourceTitle "EXT 2024"]
[Source "ChessBase"]
[SourceDate "2023.10.10"]
[SourceVersion "1"]
[SourceVersionDate "2023.10.10"]
[SourceQuality "1"]

1. e4 g6 2. d4 Bg7 3. c3 c6 4. Bd3 d5 5. Nd2 dxe4 6. Nxe4 Nf6 7. Nf3 0-0 8. 0-0 Nbd7 9. Nxf6+ exf6 10. h3 a5 11. Bf4 Nb6 12. Qc2 Nd5 13. Bg3 Be6 14. a3 Qd7 15. Rfe1 Rfd8 16. Nd2 f5 17. Be5 Bxe5 18. Rxe5 c5 19. Nb3 b6 20. Bf1 a4 21. Nd2 cxd4 22. cxd4 Rac8 23. Qd1 Nf6 24. Nf3 Bb3 25. Qd2 Ne4 26. Qb4 Qd6 27. Qb5 f6 0-1

[Event "Titled Tuesday intern op 14th Mar Early"]
[Site "Chess.com INT"]
[Date "2023.03.14"]
[Round "7"]
[White "Vila Dupla, Aurelio"]
[Black "Allam, Yara"]
[Result "1-0"]
[WhiteElo "2030"]
[BlackElo "1881"]
[PlyCount "89"]
[EventDate "2023.03.14"]
[EventType "swiss (blitz)"]
[EventRounds "11"]
[EventCountry "USA"]
[SourceTitle "EXT 2024"]
[Source "ChessBase"]
[SourceDate "2023.10.10"]
[SourceVersion "1"]
[SourceVersionDate "2023.10.10"]
[SourceQuality "1"]

1. Nf3 d5 2. d4 c6 3. c4 Nf6 4. cxd5 cxd5 5. Nc3 Nc6 6. Bf4 a6 7. e3 Bf5 8. Bd3 Bxd3 9. Qxd3 e6 10. 0-0 Bd6 11. Bxd6 Qxd6 12. h3 0-0 13. Rfc1 Rfc8 14. Na4 Nd7 15. Rc3 Nb4 16. Qd2 b5 17. Rxc8+ Rxc8 18. Nc3 Nb6 19. b3 Qc7 20. Rc1 Nc6 21. Ne2 Qd6 22. Nf4 h6 23. Nd3 Nd7 24. Nfe5 Ndxe5 25. Nxe5 Ne7 26. Rxc8+ Nxc8 27. Qc3 Ne7 28. f4 Qa3 29. Kh2 a5 30. Qc7 f6 31. Qd8+ Kh7 32. Nd7 Ng6 33. h4 Qd6 34. h5 Qe7 35. hxg6+ Kxg6 36. Qxe7 Kf5 37. Kg3 h5 38. Nc5 h4+ 39. Kf3 h3 40. Qxe6+ Kg6 41. Qxh3 Kf7 42. Qg4 Kf8 43. Qd7 Kg8 44. Ne6 Kh7 45. Qxg7# 1-0

[Event "Sharjah Cup (Women) 12th"]
[Site "Sharjah"]
[Date "2022.12.09"]
[Round "1"]
[White "Mera, Abdulaziz Aidarous"]
[Black "Allam, Yara"]
[Result "0-1"]
[WhiteElo "1050"]
[BlackElo "1881"]
[PlyCount "56"]
[EventDate "2022.12.09"]
[EventType "swiss"]
[EventRounds "9"]
[EventCountry "UAE"]
[SourceTitle "CBM 211 Extra"]
[Source "ChessBase"]
[SourceDate "2023.01.31"]
[SourceVersion "1"]
[SourceVersionDate "2023.01.31"]
[SourceQuality "1"]

1. e4 c5 2. Nc3 e6 3. f4 Nc6 4. Nf3 d6 5. Bc4 a6 6. a4 Qc7 7. 0-0 Be7 8. d4 cxd4 9. Nxd4 Nxd4 10. Qxd4 d5 11. exd5 Bc5 12. Be3 Bxd4 13. Bxd4 Ne7 14. Bb3 0-0 15. dxe6 Bxe6 16. Bxe6 fxe6 17. Be5 Qb6+ 18. Kh1 Ng6 19. b3 Nxe5 20. fxe5 Qd4 21. Ne2 Qxe5 22. Ng3 h5 23. Rae1 Rxf1+ 24. Rxf1 h4 25. Ne2 Qxe2 26. Kg1 Rd8 27. Ra1 Rd2 28. Rc1 Qxg2# 0-1

[Event "Wch FIDE Online U18 Girls"]
[Site "Tornelo INT"]
[Date "2020.12.19"]
[Round "1.2"]
[White "Wang, Annie"]
[Black "Allam, Yara"]
[Result "1-0"]
[WhiteElo "2384"]
[BlackElo "1750"]
[PlyCount "45"]
[EventDate "2020.12.19"]
[EventType "k.o. (rapid)"]
[EventRounds "4"]
[EventCountry "ISS"]
[SourceTitle "EXT 2022"]
[Source "ChessBase"]
[SourceDate "2021.10.06"]
[SourceVersion "1"]
[SourceVersionDate "2021.10.06"]
[SourceQuality "1"]

1. d4 c6 2. c4 d5 3. Nc3 Nf6 4. e3 g6 5. Nf3 Bg7 6. Be2 0-0 7. 0-0 Bg4 8. cxd5 cxd5 9. Qb3 b6 10. Bd2 Bxf3 11. Bxf3 e6 12. Rfc1 Nbd7 13. Be2 a6 14. Bd3 Qe7 15. Ne2 Rfb8 16. Bb4 Qd8 17. Bd6 Rb7 18. Qc2 Ne8 19. Bg3 e5 20. Qc6 Rc7 21. Qxd5 Nef6 22. Qf3 Nh5 23. Rxc7 1-0

[Event "Wch FIDE Online U18 Girls Africa qual"]
[Site "Tornelo INT"]
[Date "2020.11.30"]
[Round "6"]
[White "Besa, Masaiti"]
[Black "Allam, Yara"]
[Result "0-1"]
[WhiteElo "1768"]
[BlackElo "1732"]
[PlyCount "108"]
[EventDate "2020.11.28"]
[EventType "swiss (rapid)"]
[EventRounds "7"]
[EventCountry "ISS"]
[SourceTitle "EXT 2022"]
[Source "ChessBase"]
[SourceDate "2021.10.06"]
[SourceVersion "1"]
[SourceVersionDate "2021.10.06"]
[SourceQuality "1"]

1. c4 c6 2. Nc3 d5 3. cxd5 cxd5 4. d4 Nf6 5. g3 g6 6. Nf3 Bg7 7. Bg2 Nc6 8. Bg5 Ne4 9. Bf4 Qb6 10. Nxd5 Qa5+ 11. Nc3 Nxc3 12. bxc3 Qxc3+ 13. Bd2 Qa3 14. e3 0-0 15. 0-0 Bf5 16. Bc1 Qd6 17. Qb3 Qd7 18. Ba3 Rfc8 19. Rac1 Rab8 20. Ng5 Qe8 21. d5 Ne5 22. Rxc8 Bxc8 23. Rc1 h6 24. Nf3 Bg4 25. Nxe5 Bxe5 26. h3 Bf5 27. Bc5 b6 28. Ba3 Qd7 29. Kh2 g5 30. Bb4 a5 31. Bd2 Bd6 32. e4 Bg6 33. Be3 b5 34. Rc6 a4 35. Qc2 e6 36. Bc5 Be5 37. Qd2 exd5 38. exd5 Rd8 39. Bb6 Qxc6 40. Bxd8 Qd6 41. Ba5 Bf5 42. Bb4 Qd7 43. Qe3 Bd6 44. Bxd6 Qxd6 45. Qe8+ Kg7 46. Qxb5 Bd7 47. Qd3 h5 48. Qc4 h4 49. Qg4 Bxg4 50. hxg4 hxg3+ 51. fxg3 Qa3 52. d6 Qxd6 53. Be4 Qd2+ 54. Kh3 Qxa2 0-1

[Event "Online Olym Div Top-C"]
[Site "Chess.com INT"]
[Date "2020.08.22"]
[Round "4.6"]
[White "Krasteva, Beloslava"]
[Black "Allam, Yara"]
[Result "1-0"]
[WhiteElo "2229"]
[BlackElo "1752"]
[PlyCount "117"]
[EventDate "2020.08.21"]
[EventType "team-tourn (rapid)"]
[EventRounds "9"]
[EventCountry "USA"]
[SourceTitle "CBM 198"]
[Source "ChessBase"]
[SourceDate "2020.10.31"]
[SourceVersion "1"]
[SourceVersionDate "2020.10.31"]
[SourceQuality "1"]
[WhiteTeam "Bulgaria"]
[BlackTeam "Egypt"]
[WhiteTeamCountry "BUL"]
[BlackTeamCountry "EGY"]

1. d4 c6 2. c4 d5 3. Nc3 Nf6 4. e3 g6 5. Nf3 Bg7 6. Bd3 0-0 7. 0-0 Bg4 8. h3 Bxf3 9. Qxf3 e6 10. Rd1 Nbd7 11. e4 Nxe4 12. Nxe4 dxe4 13. Bxe4 f5 14. Bc2 Nb6 15. Qe2 Qe7 16. Bf4 Rad8 17. c5 Nc8 18. Bb3 Rfe8 19. Qe3 b6 20. cxb6 Nxb6 21. Rac1 Qd7 22. Bg5 Rc8 23. Re1 Nd5 24. Qd2 Nb6 25. Red1 Nd5 26. Rc2 Nf6 27. Qe2 Ne4 28. Be3 Rcd8 29. Ba4 Rc8 30. Qa6 Red8 31. Rxc6 Rxc6 32. Qxc6 Qxc6 33. Bxc6 Nf6 34. Ba4 Nd5 35. Bg5 Rb8 36. Bb3 Rb4 37. Re1 Rxd4 38. Rxe6 a5 39. Rd6 h6 40. Rxd5 Rxd5 41. Bxd5+ Kf8 42. Bc1 Ke7 43. b3 Kd6 44. Bf7 g5 45. Bd2 a4 46. bxa4 Kc5 47. a5 Kb5 48. Bg6 f4 49. Bd3+ Kc6 50. a6 Bd4 51. Bb4 Ba7 52. Kf1 Kd5 53. f3 Kd4 54. Be4 Ke5 55. Bf8 h5 56. Bg6 Kf6 57. Bxh5 Bb6 58. Bd6 Ke6 59. Bb8 1-0